Transforms and partial differential equations / (Record no. 157571)

MARC details
000 -LEADER
fixed length control field 00653nam a22002057a 4500
005 - DATE AND TIME OF LATEST TRANSACTION
control field 20180919130715.0
010 ## - LCCN (DPL NO)
LC control number ENG-123999
020 ## - INTERNATIONAL STANDARD BOOK NUMBER
International Standard Book Number 9789353062361
Terms of availability 499.00
035 ## - SYSTEM CONTROL NUMBER
System control number EN-107531
037 ## - SOURCE OF ACQUISITION
Source of stock number/acquisition DBAD/PUB
082 ## - DEWEY DECIMAL CLASSIFICATION NUMBER
Classification number 515.353
100 ## - MAIN ENTRY--PERSONAL NAME
Personal name Subramaniam N.
245 ## - TITLE STATEMENT
Title Transforms and partial differential equations /
Statement of responsibility, etc by N. Subramaniam [and] K.S. Ramaswami
250 ## - EDITION STATEMENT
Edition statement 2nd ed.
260 ## - PUBLICATION, DISTRIBUTION, ETC. (IMPRINT)
Place of publication, distribution, etc Noida
Name of publisher, distributor, etc Pearson
Date of publication, distribution, etc 2018
270 ## - ADDRESS
Address 15th Floor, Tower B, Worls Trade Tower, Plot No.1, Block -C
City Noida (UP)
Postal code 201301
300 ## - PHYSICAL DESCRIPTION
Extent various paging
Dimensions 23cm.
Other physical details ill.
700 ## - ADDED ENTRY--PERSONAL NAME
Personal name Ramaswami K.S.
942 ## - ADDED ENTRY ELEMENTS (KOHA)
Source of classification or shelving scheme Dewey Decimal Classification
Item type English Books
Classification part 515.353
Call number suffix SUB
Holdings
Withdrawn status Lost status Not for loan Collection code Home library Current library Date acquired Source of acquisition Cost, normal purchase price Full call number Barcode Copy number Cost, replacement price Koha item type
    Not For Loan Non-fiction D.B.Act.Division Bawana 19/09/2018 DBAD/PUB 499.00 515.353 SUB EN-107531 1 499.00 English Books

© Delhi Public Library
Hit Counter
free hit counter